[Event "Solta Amateur op"]
[Site "Grohote"]
[Date "2019.06.18"]
[Round "4"]
[White "Martic, Zlatko"]
[Black "Blum, Gernot"]
[Result "1-0"]
[WhiteElo "2272"]
[BlackElo "2063"]
[PlyCount "55"]
[EventDate "2019.06.15"]
[EventType "swiss"]
[EventRounds "9"]
[EventCountry "CRO"]
[SourceTitle "EXT 2020"]
[Source "ChessBase"]
[SourceDate "2019.10.17"]
[SourceVersion "1"]
[SourceVersionDate "2019.10.17"]
[SourceQuality "1"]

1. d4 d6 2. c4 e5 3. Nf3 Nc6 4. Nc3 Bd7 5. d5 Nce7 6. e4 g6 7. h3 Bg7 8. g4 f6 9. Be3 Nh6 10. Rg1 Nf7 11. Qd2 0-0 12. Bd3 f5 13. gxf5 gxf5 14. exf5 Nxf5 15. 0-0-0 Nxe3 16. Qxe3 Qf6 17. Ne4 Qf4 18. Qxf4 exf4 19. Nf6+ Kh8 20. Nxd7 Rfd8 21. Bf5 c6 22. Be6 cxd5 23. Bxf7 Rxd7 24. Bxd5 Rb8 25. Ng5 h5 26. Nf7+ Kh7 27. Rg5 h4 28. Rdg1 1-0

[Event "Lisbon Portugal op"]
[Site "Lisbon"]
[Date "2018.02.08"]
[Round "8"]
[White "Blum, Gernot"]
[Black "Silva, David Miguel Da"]
[Result "0-1"]
[WhiteElo "2028"]
[BlackElo "2283"]
[PlyCount "114"]
[EventDate "2018.02.03"]
[EventType "swiss"]
[EventRounds "9"]
[EventCountry "POR"]
[SourceTitle "CBM 182 Extra"]
[Source "ChessBase"]
[SourceDate "2018.02.23"]
[SourceVersion "1"]
[SourceVersionDate "2018.02.23"]
[SourceQuality "1"]

1. c4 e5 2. g3 Nf6 3. Bg2 c6 4. a3 d5 5. cxd5 cxd5 6. d4 e4 7. Bg5 Qb6 8. Qd2 Nc6 9. Bxf6 gxf6 10. e3 Na5 11. Qc2 Qb3 12. Qc3 Bg4 13. Nd2 Qxc3 14. bxc3 Rc8 15. Ne2 Bd6 16. h3 Bxe2 17. Kxe2 Ke7 18. Rhc1 Rc6 19. c4 dxc4 20. Rc3 f5 21. g4 Rg8 22. Rac1 b5 23. Bh1 fxg4 24. Bxe4 Rc7 25. hxg4 Rxg4 26. Rb1 a6 27. Bxh7 Rh4 28. Bc2 Rb7 29. Ne4 Rb6 30. Nxd6 Rxd6 31. Rg1 Rf6 32. Rg5 Rh1 33. Re5+ Kd6 34. e4 Rh2 35. Rd5+ Ke7 36. Re5+ Kd6 37. Rd5+ Kc7 38. Rf3 Rxf3 39. Kxf3 Rh3+ 40. Kf4 Rxa3 41. e5 b4 42. Bf5 b3 43. Rd7+ Kb6 44. Rxf7 c3 45. Rf6+ Kb5 46. e6 c2 47. e7 c1Q+ 48. Kg4 Qg1+ 49. Kh5 Qh2+ 50. Kg6 Qg2+ 51. Kf7 Qa8 52. e8Q+ Qxe8+ 53. Kxe8 b2 54. d5 Rf3 55. d6 Nb7 56. d7 b1Q 57. Bxb1 Rxf6 0-1

[Event "Lisbon Portugal op"]
[Site "Lisbon"]
[Date "2018.02.04"]
[Round "3"]
[White "Blum, Gernot"]
[Black "Borsos, Bogdan"]
[Result "0-1"]
[WhiteElo "2028"]
[BlackElo "2301"]
[PlyCount "80"]
[EventDate "2018.02.03"]
[EventType "swiss"]
[EventRounds "9"]
[EventCountry "POR"]
[SourceTitle "CBM 182 Extra"]
[Source "ChessBase"]
[SourceDate "2018.02.23"]
[SourceVersion "1"]
[SourceVersionDate "2018.02.23"]
[SourceQuality "1"]

1. c4 e6 2. Nc3 d5 3. cxd5 exd5 4. d4 c5 5. Nf3 Nc6 6. e3 Nf6 7. dxc5 Bxc5 8. Be2 0-0 9. 0-0 a6 10. a3 Be6 11. b4 Bd6 12. Bb2 Qe7 13. Rc1 Rad8 14. Qc2 Rc8 15. h3 Bb8 16. Rfd1 b5 17. Bd3 h6 18. Qd2 Rfd8 19. Bb1 Qd6 20. Ne2 Ne4 21. Bxe4 dxe4 22. Qxd6 Bxd6 23. Nfd4 Bc4 24. Nxc6 Rxc6 25. Nd4 Rcc8 26. Nf5 Bf8 27. Ng3 Bd3 28. f3 Rxc1 29. Rxc1 exf3 30. gxf3 Bc4 31. Bd4 Rd6 32. Kf2 Rd5 33. Ne2 Be7 34. f4 Rh5 35. Ng1 Bh4+ 36. Kf3 Rd5 37. Rc2 f5 38. Rg2 Rxd4 39. exd4 Bd5+ 40. Ke3 Bxg2 0-1

[Event "Andorra op 35th"]
[Site "Escaldes"]
[Date "2017.07.22"]
[Round "1"]
[White "Gozzoli, Yannick"]
[Black "Blum, Gernot"]
[Result "1-0"]
[WhiteElo "2594"]
[BlackElo "2040"]
[PlyCount "49"]
[EventDate "2017.07.22"]
[EventType "swiss"]
[EventRounds "9"]
[EventCountry "AND"]
[SourceTitle "CBM 179 Extra"]
[Source "ChessBase"]
[SourceDate "2017.08.23"]
[SourceVersion "1"]
[SourceVersionDate "2017.08.23"]
[SourceQuality "1"]

1. d4 d6 2. Nf3 Nf6 3. c4 Nbd7 4. Nc3 c6 5. Bg5 Qc7 6. e3 e5 7. Qc2 Be7 8. Bd3 a6 9. 0-0 h6 10. Bh4 Nf8 11. Bg3 exd4 12. exd4 Nh5 13. Rfe1 Nxg3 14. hxg3 Bg4 15. d5 Bxf3 16. gxf3 c5 17. Qa4+ Qd7 18. Re3 Qxa4 19. Nxa4 Rc8 20. Nb6 Rc7 21. Rae1 Kd8 22. Na8 Rd7 23. Nb6 Bf6 24. Re8+ Kc7 25. Na8# 1-0

[Event "Split op 6th"]
[Site "Split"]
[Date "2016.08.17"]
[Round "6"]
[White "Stocko, Josip"]
[Black "Blum, Gernot"]
[Result "1-0"]
[WhiteElo "2326"]
[BlackElo "2020"]
[PlyCount "45"]
[EventDate "2016.08.13"]
[EventType "swiss"]
[EventRounds "9"]
[EventCountry "CRO"]
[SourceTitle "CBM 173 Extra"]
[Source "ChessBase"]
[SourceDate "2016.08.29"]
[SourceVersion "1"]
[SourceVersionDate "2016.08.29"]
[SourceQuality "1"]

1. e4 c5 2. Nf3 g6 3. d4 cxd4 4. Qxd4 Nf6 5. e5 Nc6 6. Qa4 Nd5 7. Qe4 Nc7 8. Nc3 Bg7 9. Bf4 Ne6 10. Bg3 0-0 11. h4 d6 12. 0-0-0 Qa5 13. h5 dxe5 14. hxg6 hxg6 15. Bc4 Rd8 16. Rxd8+ Qxd8 17. Nxe5 Qd4 18. Nxc6 Qxe4 19. Nxe7+ Kf8 20. Nxe4 Kxe7 21. Bd6+ Ke8 22. Rh7 Bd4 23. f3 1-0

[Event "Stein am Rhein op 5th"]
[Site "Stein am Rhein"]
[Date "2016.01.31"]
[Round "5"]
[White "Blum, Gernot"]
[Black "Hasler, Juerg"]
[Result "1/2-1/2"]
[WhiteElo "2050"]
[BlackElo "1880"]
[PlyCount "65"]
[EventDate "2016.01.29"]
[EventType "swiss"]
[EventRounds "5"]
[EventCountry "SUI"]
[SourceTitle "CBM 170 Extra"]
[Source "ChessBase"]
[SourceDate "2016.02.25"]
[SourceVersion "1"]
[SourceVersionDate "2016.02.25"]
[SourceQuality "1"]

1. Nf3 Nf6 2. c4 e6 3. Nc3 b6 4. b3 Bb7 5. e3 Be7 6. Bb2 0-0 7. Be2 c5 8. 0-0 Nc6 9. Rc1 Rc8 10. Qc2 d5 11. cxd5 Nb4 12. Qb1 Nbxd5 13. Rfd1 a6 14. d4 Nxc3 15. Bxc3 cxd4 16. Bxd4 Be4 17. Qb2 Rxc1 18. Qxc1 Qb8 19. Bxa6 Qa8 20. Bf1 Qxa2 21. Nd2 Bd5 22. Qc3 Qa5 23. Qc7 Bd8 24. Qd6 Qa7 25. Ra1 Qd7 26. Qb4 Qb7 27. Nc4 Nd7 28. Nd6 Be7 29. Ba6 Qc6 30. Bb5 Qxd6 31. Qxd6 Bxd6 32. Bxd7 Bxb3 33. Bxb6 1/2-1/2

[Event "Basel op"]
[Site "Basel"]
[Date "2016.01.01"]
[Round "1"]
[White "Blum, Gernot"]
[Black "Derakhshani, Dorsa"]
[Result "0-1"]
[WhiteElo "2050"]
[BlackElo "2315"]
[PlyCount "32"]
[EventDate "2016.01.01"]
[EventType "swiss"]
[EventRounds "7"]
[EventCountry "SUI"]
[SourceTitle "CBM 170 Extra"]
[Source "ChessBase"]
[SourceDate "2016.02.25"]
[SourceVersion "1"]
[SourceVersionDate "2016.02.25"]
[SourceQuality "1"]

1. c4 e5 2. g3 Nf6 3. Bg2 d5 4. cxd5 Nxd5 5. Nf3 Nc6 6. Nc3 Nb6 7. 0-0 Be7 8. d3 0-0 9. Be3 Be6 10. Ne4 f5 11. Nc5 Bd5 12. Qc2 f4 13. Bd2 fxg3 14. hxg3 Bxf3 15. Nxb7 Qc8 16. Bxf3 Nd4 0-1

[Event "Lugano op"]
[Site "Lugano"]
[Date "2014.11.09"]
[Round "4"]
[White "Blum, Gernot"]
[Black "Marchesotti, Giovanni"]
[Result "1-0"]
[WhiteElo "2085"]
[BlackElo "1472"]
[PlyCount "79"]
[EventDate "2014.11.07"]
[EventType "swiss"]
[EventRounds "5"]
[EventCountry "SUI"]
[SourceTitle "EXT 2015"]
[Source "ChessBase"]
[SourceDate "2014.11.20"]
[SourceVersion "1"]
[SourceVersionDate "2014.11.20"]
[SourceQuality "1"]

1. c4 g6 2. Nc3 Bg7 3. Nf3 Nf6 4. g3 d6 5. Bg2 Nc6 6. 0-0 Bd7 7. Rb1 0-0 8. b4 e5 9. d3 h6 10. b5 Ne7 11. Qb3 c5 12. bxc6 Bxc6 13. Ba3 Qd7 14. c5 Ne8 15. cxd6 Nxd6 16. Qb4 Rfd8 17. Nd2 Bxg2 18. Kxg2 Nc6 19. Qxd6 Qxd6 20. Bxd6 Rxd6 21. Rxb7 Rb8 22. Rxb8+ Nxb8 23. Rb1 Rb6 24. Rxb6 axb6 25. Nc4 Nd7 26. Nd5 b5 27. Na3 b4 28. Nxb4 Bf8 29. Nbc2 Bxa3 30. Nxa3 Nb6 31. Nc4 Na4 32. Kf1 f6 33. Ke1 Kf8 34. Kd2 Ke7 35. Kc2 Ke6 36. Kb3 Nc5+ 37. Kb4 Na6+ 38. Kb5 Nc7+ 39. Kc6 Nd5 40. a4 1-0

[Event "Lugano op"]
[Site "Lugano"]
[Date "2014.11.08"]
[Round "2"]
[White "Blum, Gernot"]
[Black "Ferrari, Nicola"]
[Result "0-1"]
[WhiteElo "2085"]
[BlackElo "2202"]
[PlyCount "58"]
[EventDate "2014.11.07"]
[EventType "swiss"]
[EventRounds "5"]
[EventCountry "SUI"]
[SourceTitle "EXT 2015"]
[Source "ChessBase"]
[SourceDate "2014.11.20"]
[SourceVersion "1"]
[SourceVersionDate "2014.11.20"]
[SourceQuality "1"]

1. c4 e5 2. g3 Nf6 3. Bg2 Nc6 4. Nf3 Be7 5. Nc3 d6 6. 0-0 Be6 7. d3 h6 8. Rb1 d5 9. cxd5 Nxd5 10. Bd2 0-0 11. a3 Rb8 12. b4 a6 13. Qc2 Qd7 14. Rfc1 Nxc3 15. Bxc3 f6 16. a4 Rfc8 17. b5 axb5 18. axb5 Nd8 19. d4 e4 20. Nd2 f5 21. e3 Ra8 22. Bb4 Ra2 23. Qc3 c5 24. dxc5 Bxc5 25. Bxc5 Rxd2 26. Qb4 Ra8 27. Rb2 Rd1+ 28. Rxd1 Qxd1+ 29. Bf1 Ra1 0-1

[Event "Lugano op"]
[Site "Lugano"]
[Date "2014.11.08"]
[Round "3"]
[White "Brioschi, Camillo"]
[Black "Blum, Gernot"]
[Result "1-0"]
[WhiteElo "1819"]
[BlackElo "2085"]
[PlyCount "116"]
[EventDate "2014.11.07"]
[EventType "swiss"]
[EventRounds "5"]
[EventCountry "SUI"]
[SourceTitle "EXT 2015"]
[Source "ChessBase"]
[SourceDate "2014.11.20"]
[SourceVersion "1"]
[SourceVersionDate "2014.11.20"]
[SourceQuality "1"]

1. d4 d6 2. c4 e5 3. dxe5 Nc6 4. Nf3 Bg4 5. Bg5 Qd7 6. Nc3 dxe5 7. Qxd7+ Bxd7 8. Nd5 Bb4+ 9. Nxb4 Nxb4 10. Kd2 f6 11. Kc3 Nc6 12. Bd2 e4 13. Nd4 0-0-0 14. Nxc6 Bxc6 15. e3 Nh6 16. Be2 Nf7 17. Rhd1 Ne5 18. Be1 b6 19. Rd4 Rd6 20. Rxd6 cxd6 21. Rd1 Kc7 22. Kc2 Kd7 23. Bb4 Nf7 24. Bh5 g6 25. Bg4+ f5 26. Be2 Ke7 27. g4 Rd8 28. gxf5 gxf5 29. Rg1 Kf6 30. Bc3+ Ne5 31. Bxe5+ dxe5 32. Rd1 Rxd1 33. Bxd1 Kg5 34. Be2 f4 35. b4 Kh4 36. Bf1 h5 37. Kc3 Kg4 38. Bg2 fxe3 39. fxe3 h4 40. b5 Bd7 41. Kb4 h3 42. Bxe4 Bf5 43. Bxf5+ Kxf5 44. c5 bxc5+ 45. Kxc5 Ke4 46. a4 Kxe3 47. a5 Kf2 48. b6 axb6+ 49. axb6 Kg2 50. b7 Kxh2 51. b8Q Kg1 52. Qb1+ Kg2 53. Qc2+ Kg1 54. Qd1+ Kg2 55. Qe2+ Kg1 56. Qg4+ Kh2 57. Qf3 e4 58. Qxe4 Kg1 1-0

[Event "Delft Prinsenstad op-A 6th"]
[Site "Delft"]
[Date "2013.03.30"]
[Round "3"]
[White "Blum, Gernot"]
[Black "Peng, Zhaoqin"]
[Result "0-1"]
[WhiteElo "2105"]
[BlackElo "2385"]
[PlyCount "86"]
[EventDate "2013.03.29"]
[EventType "swiss"]
[EventRounds "6"]
[EventCountry "NED"]
[SourceTitle "EXT 2018"]
[Source "ChessBase"]
[SourceDate "2017.10.13"]
[SourceVersion "1"]
[SourceVersionDate "2017.10.13"]
[SourceQuality "1"]

1. c4 Nf6 2. Nc3 e5 3. Nf3 Nc6 4. g3 Bb4 5. Nd5 Bd6 6. Nc3 0-0 7. Bg2 Re8 8. 0-0 Bb4 9. d3 h6 10. Bd2 a5 11. a3 Bc5 12. e3 d6 13. Nd5 Be6 14. Ne1 Bxd5 15. cxd5 Ne7 16. e4 c6 17. dxc6 Nxc6 18. Nc2 a4 19. Ne3 Nd4 20. Bc3 Qb6 21. Bxd4 Bxd4 22. Nc4 Qa6 23. Qe2 Rad8 24. Rac1 d5 25. exd5 Nxd5 26. Rc2 Nf6 27. Rfc1 Re7 28. Nd2 Qb6 29. Ne4 Nd5 30. Nc5 Qa7 31. Nxa4 Qxa4 32. Bxd5 Rxd5 33. Rc8+ Re8 34. R1c4 Qd7 35. Qe4 Rxc8 36. Rxc8+ Qxc8 37. Qxd5 Qc2 38. Qf3 Qxb2 39. a4 g6 40. h4 Kg7 41. Kg2 b6 42. g4 Qd2 43. Kf1 Qf4 0-1

[Event "Oberliga Ost-B 0607"]
[Site "Germany"]
[Date "2007.02.04"]
[Round "5.8"]
[White "Zunker, Reinhard"]
[Black "Blum, Gernot"]
[Result "1-0"]
[WhiteElo "2201"]
[BlackElo "2192"]
[PlyCount "131"]
[EventDate "2006.10.15"]
[EventType "team-tourn"]
[EventRounds "11"]
[EventCountry "GER"]
[SourceTitle "EXT 2008"]
[Source "ChessBase"]
[SourceDate "2007.11.25"]
[SourceVersion "1"]
[SourceVersionDate "2007.11.25"]
[SourceQuality "1"]
[WhiteTeam "Hofheim II"]
[BlackTeam "Oberursel"]
[WhiteTeamCountry "GER"]
[BlackTeamCountry "GER"]

1. e4 c5 2. Nf3 d6 3. Nc3 Nf6 4. e5 dxe5 5. Bb5+ Nbd7 6. Nxe5 a6 7. Nxd7 Bxd7 8. Bxd7+ Qxd7 9. 0-0 e6 10. d3 Be7 11. Qe2 0-0 12. Bf4 b5 13. a3 Rac8 14. Rfd1 Nd5 15. Nxd5 Qxd5 16. Qe4 Rfd8 17. Qxd5 Rxd5 18. Kf1 f5 19. Re1 Kf7 20. Be5 Bf6 21. Bxf6 Kxf6 22. Re3 c4 23. dxc4 Rxc4 24. c3 e5 25. Ree1 Rc6 26. Red1 Rcd6 27. Rxd5 Rxd5 28. Ke2 e4 29. a4 a5 30. b4 axb4 31. cxb4 bxa4 32. Rxa4 g5 33. Ra6+ Ke5 34. Rh6 Rb5 35. Rxh7 Rxb4 36. h4 Rb2+ 37. Ke1 Rb1+ 38. Ke2 Rh1 39. h5 Kf4 40. h6 g4 41. Rh8 Kg5 42. Rg8+ Kf6 43. Rh8 Kg6 44. Rg8+ Kf7 45. Rh8 f4 46. h7 f3+ 47. gxf3 gxf3+ 48. Ke3 Kg7 49. Re8 Kxh7 50. Rxe4 Rh3 51. Rf4 Kg6 52. Ke4 Kg5 53. Rf8 Kg6 54. Kf4 Kg7 55. Ra8 Kf6 56. Ra6+ Kf7 57. Kg4 Rh1 58. Kxf3 Rh3+ 59. Kg4 Rh2 60. f4 Rh1 61. Kg5 Rc1 62. Ra7+ Kf8 63. f5 Rb1 64. Kg6 Rb6+ 65. f6 Rb8 66. Rh7 1-0

[Event "Hessenliga 0506"]
[Site "Germany"]
[Date "2006.03.05"]
[Round "9.2"]
[White "Blum, Gernot"]
[Black "Erwes, Theo"]
[Result "0-1"]
[WhiteElo "2198"]
[BlackElo "2103"]
[PlyCount "82"]
[EventDate "2005.09.11"]
[EventType "team-tourn"]
[EventRounds "11"]
[EventCountry "GER"]
[SourceTitle "EXT 2007"]
[Source "ChessBase"]
[SourceDate "2006.11.23"]
[SourceVersion "1"]
[SourceVersionDate "2006.11.23"]
[SourceQuality "1"]
[WhiteTeam "Oberursel II"]
[BlackTeam "Limburg"]
[WhiteTeamCountry "GER"]
[BlackTeamCountry "GER"]

1. e4 g6 2. d4 Bg7 3. Be3 d6 4. Nc3 a6 5. Qd2 Nf6 6. f3 0-0 7. Bh6 e5 8. Nge2 Nxe4 9. fxe4 Qh4+ 10. g3 Qxh6 11. Qxh6 Bxh6 12. Nd5 Nc6 13. Nxc7 Rb8 14. Nd5 exd4 15. Rd1 Bg7 16. Nef4 Bg4 17. Be2 Bxe2 18. Kxe2 Rfe8 19. Kf3 Ne5+ 20. Kg2 Nc4 21. b3 Na3 22. Kf3 Rbc8 23. Rd2 Kf8 24. Rc1 Rc6 25. Ne2 Bh6 26. Rxd4 Bxc1 27. Nxc1 Rxc2 28. Nd3 Rd2 29. Nf6 Re6 30. Nxh7+ Kg7 31. Ng5 Rf6+ 32. Ke3 Rxh2 33. e5 Nc2+ 34. Ke4 Re2+ 35. Kd5 dxe5 36. Rh4 Ne3+ 37. Kc5 Rc6+ 38. Kb4 Nd5+ 39. Ka3 Nf6 40. Nb4 Rc3 41. g4 a5 0-1

[Event "BL2-Ost 0405"]
[Site "Germany"]
[Date "2005.03.13"]
[Round "8.8"]
[White "Blum, Gernot"]
[Black "Fischer, Johannes"]
[Result "1/2-1/2"]
[WhiteElo "2191"]
[BlackElo "2245"]
[PlyCount "42"]
[EventDate "2004.10.24"]
[EventType "team-tourn"]
[EventRounds "9"]
[EventCountry "GER"]
[SourceTitle "EXT 2007"]
[Source "ChessBase"]
[SourceDate "2006.11.23"]
[SourceVersion "1"]
[SourceVersionDate "2006.11.23"]
[SourceQuality "1"]
[WhiteTeam "Oberursel"]
[BlackTeam "Leipzig Gohlis"]
[WhiteTeamCountry "GER"]
[BlackTeamCountry "GER"]

1. Nf3 d5 2. c4 e6 3. d4 c5 4. e3 Nf6 5. Nc3 Nc6 6. cxd5 Nxd5 7. Be2 cxd4 8. exd4 Be7 9. 0-0 0-0 10. Ne4 Bd7 11. Bg5 Rc8 12. Rc1 Qb6 13. Bxe7 Ncxe7 14. Ne5 Rxc1 15. Qxc1 Bc6 16. Rd1 Nf5 17. Nxc6 bxc6 18. Nc5 Rd8 19. b3 Qc7 20. g3 Nd6 21. Bg4 Qe7 1/2-1/2

[Event "Genova op 4th"]
[Site "Genova"]
[Date "2000.08.12"]
[Round "7"]
[White "Blum, Gernot"]
[Black "Banikas, Hristos"]
[Result "0-1"]
[WhiteElo "2171"]
[BlackElo "2542"]
[PlyCount "84"]
[EventDate "2000.08.07"]
[EventType "swiss"]
[EventRounds "11"]
[EventCountry "ITA"]
[SourceTitle "EXT 2001"]
[Source "ChessBase"]
[SourceDate "2000.11.22"]
[SourceVersion "1"]
[SourceVersionDate "2000.11.22"]
[SourceQuality "1"]

1. e4 c5 2. c4 Nc6 3. Nc3 g6 4. f4 d6 5. Nf3 Bg7 6. Be2 e6 7. 0-0 Nge7 8. Qe1 0-0 9. d3 d5 10. Bd2 Nd4 11. Rd1 f5 12. Bc1 b6 13. Qh4 Nec6 14. Qxd8 Rxd8 15. Kf2 Nxe2 16. Nxe2 Nb4 17. exf5 exf5 18. a3 Nc6 19. Rfe1 dxc4 20. dxc4 Ba6 21. b3 Na5 22. b4 Nxc4 23. bxc5 bxc5 24. Ng5 Rxd1 25. Rxd1 Re8 26. Ng1 Bd4+ 27. Kg3 Ne3 28. Bxe3 Rxe3+ 29. N1f3 h6 30. Nh3 Be2 31. Rb1 Bxf3 32. gxf3 Rxa3 33. Rb7 Ra1 34. Kh4 c4 35. Rc7 c3 36. Kg3 Ra2 37. Kh4 c2 38. Kg3 Be3 39. Ng5 hxg5 40. Kh3 c1Q 41. Rxc1 Rxh2+ 42. Kg3 Bxf4# 0-1

[Event "Genova op 4th"]
[Site "Genova"]
[Date "2000.08.09"]
[Round "4"]
[White "Mollero, Michele"]
[Black "Blum, Gernot"]
[Result "0-1"]
[WhiteElo "2101"]
[BlackElo "2171"]
[PlyCount "148"]
[EventDate "2000.08.07"]
[EventType "swiss"]
[EventRounds "11"]
[EventCountry "ITA"]
[SourceTitle "EXT 2001"]
[Source "ChessBase"]
[SourceDate "2000.11.22"]
[SourceVersion "1"]
[SourceVersionDate "2000.11.22"]
[SourceQuality "1"]

1. d4 Nf6 2. c4 e6 3. Nf3 d5 4. Nc3 Be7 5. Bg5 h6 6. Bh4 dxc4 7. e3 c5 8. Bxc4 cxd4 9. exd4 0-0 10. 0-0 a6 11. Qe2 b5 12. Bb3 Ra7 13. Rad1 b4 14. Na4 Bd7 15. Nc5 Bb5 16. Bc4 Bxc4 17. Qxc4 Qb6 18. Rc1 Nd5 19. Bxe7 Rxe7 20. Ne5 Rd8 21. Rfe1 a5 22. g3 Rc7 23. Qf1 Nc6 24. Na4 Qb7 25. Nc5 Qc8 26. Nxc6 Rxc6 27. Qb5 Qa8 28. Nd3 Rb6 29. Qc4 Rbd6 30. Ne5 Qa6 31. Qxa6 Rxa6 32. Rc5 a4 33. Nc6 Rd6 34. Rec1 a3 35. bxa3 Rxa3 36. R1c4 Rxa2 37. Nxb4 Rd2 38. Nc6 g5 39. Rc2 Rd1+ 40. Kg2 g4 41. R5c4 h5 42. h3 f6 43. Ra4 Rd7 44. Ra8+ Kf7 45. Nd8+ Ke7 46. Nc6+ Kf7 47. Nd8+ Kg6 48. Rca2 Kf5 49. R2a7 Rxa7 50. Rxa7 Rxd4 51. Rh7 Nf4+ 52. gxf4 Rxd8 53. Rxh5+ Kxf4 54. hxg4 Kxg4 55. Ra5 e5 56. Kf1 Rd2 57. Ke1 Rb2 58. Ra4+ Kf5 59. f3 Rg2 60. Kf1 Rd2 61. Ke1 Rd4 62. Ra6 Kg5 63. Ke2 f5 64. Re6 Kf4 65. Rh6 Rd8 66. Rh4+ Kg5 67. Ra4 Rh8 68. Kf2 Rh4 69. Ra5 Rh2+ 70. Kg1 Re2 71. Kf1 Re3 72. Kf2 f4 73. Ra8 Rc3 74. Rf8 Rc2+ 0-1

[Event "GER-ch30 final corr"]
[Site "GER corr"]
[Date "1999.11.29"]
[Round "?"]
[White "Blum, Gernot"]
[Black "Glaser, Helmut F"]
[Result "1/2-1/2"]
[WhiteElo "2326"]
[BlackElo "2359"]
[PlyCount "75"]
[EventDate "1999.11.29"]
[EventType "tourn (corr)"]
[EventRounds "14"]
[EventCountry "GER"]
[SourceTitle "Corr 2011"]
[Source "ChessBase"]
[SourceDate "2010.08.31"]
[SourceVersion "1"]
[SourceVersionDate "2010.08.31"]
[SourceQuality "1"]

1. c4 e5 2. g3 Nf6 3. Bg2 d5 4. cxd5 Nxd5 5. Nf3 Nc6 6. Nc3 Nb6 7. 0-0 Be7 8. d3 0-0 9. Be3 Be6 10. Rc1 f5 11. a3 Kh8 12. b4 a6 13. Bc5 a5 14. Rb1 axb4 15. axb4 Nd5 16. Qd2 Ndxb4 17. Bxb4 Nxb4 18. Nxe5 c6 19. Rb2 Qd4 20. Nf3 Qf6 21. d4 Rfd8 22. e3 Ra3 23. Rc1 Rda8 24. Ne5 Bd6 25. Rcb1 Ra1 26. Qc1 Rxb1 27. Qxb1 Qe7 28. Bf1 b5 29. Ne2 Bxe5 30. dxe5 c5 31. Nf4 Bd7 32. e6 Bxe6 33. Nxe6 Qxe6 34. Bxb5 Rd8 35. Qc1 Qd5 36. Be2 h6 37. Rb1 Nd3 38. Bxd3 1/2-1/2

[Event "GER-ch30 final corr"]
[Site "GER corr"]
[Date "1999.11.29"]
[Round "?"]
[White "Fuhrwerk, Klaus"]
[Black "Blum, Gernot"]
[Result "0-1"]
[WhiteElo "2255"]
[BlackElo "2326"]
[PlyCount "63"]
[EventDate "1999.11.29"]
[EventType "tourn (corr)"]
[EventRounds "14"]
[EventCountry "GER"]
[SourceTitle "Corr 2011"]
[Source "ChessBase"]
[SourceDate "2010.08.31"]
[SourceVersion "1"]
[SourceVersionDate "2010.08.31"]
[SourceQuality "1"]

1. e4 c5 2. Nf3 e6 3. d4 cxd4 4. Nxd4 a6 5. Bd3 Qc7 6. 0-0 Nf6 7. Qe2 d5 8. Nc3 Bc5 9. Nb3 dxe4 10. Nxe4 Nxe4 11. Bxe4 Bd6 12. g3 Bd7 13. Rd1 Bc6 14. Bd3 Be5 15. Nc5 Nd7 16. Nxd7 Bxd7 17. Re1 Bf6 18. Qh5 g6 19. Qf3 Bg7 20. Be4 Bc6 21. Bf4 Bxe4 22. Qxe4 Qc6 23. Qb4 a5 24. Qa3 b5 25. c3 Bf8 26. Qb3 a4 27. Qc2 Bg7 28. Rad1 0-0 29. Rd6 Qc4 30. a3 e5 31. Be3 Rad8 32. Red1 0-1

[Event "GER-ch30 final corr"]
[Site "GER corr"]
[Date "1999.11.29"]
[Round "?"]
[White "Geldner, Daniella"]
[Black "Blum, Gernot"]
[Result "1/2-1/2"]
[WhiteElo "2231"]
[BlackElo "2326"]
[PlyCount "66"]
[EventDate "1999.11.29"]
[EventType "tourn (corr)"]
[EventRounds "14"]
[EventCountry "GER"]
[SourceTitle "Corr 2011"]
[Source "ChessBase"]
[SourceDate "2010.08.31"]
[SourceVersion "1"]
[SourceVersionDate "2010.08.31"]
[SourceQuality "1"]

1. e4 c5 2. Nf3 e6 3. d4 cxd4 4. Nxd4 a6 5. Nc3 Qc7 6. Bd3 Nf6 7. Qe2 Bb4 8. Bd2 Nc6 9. Nxc6 bxc6 10. e5 Nd5 11. 0-0 Nxc3 12. bxc3 Be7 13. Rfe1 d5 14. Qg4 g6 15. Bh6 Bd7 16. Rab1 Rb8 17. Rxb8+ Qxb8 18. Bxa6 c5 19. c4 Qa7 20. Bb5 Bxb5 21. cxb5 c4 22. Ra1 Qa4 23. Qd1 Kd7 24. Qf3 Qxc2 25. Qxf7 Qf5 26. Qxf5 gxf5 27. a4 Bb4 28. a5 Ra8 29. a6 Bc5 30. Kf1 Kc7 31. Rb1 Kb6 32. Ke2 d4 33. f3 Rg8 1/2-1/2